000 01068nam a2200277 i 4500
001 53411
003 ES-MaACL
005 20240508161952.0
007 t|
008 031023s2002 sp ||||0| spa j
020 _a84-87311-23-7
040 _aM-BN
_bspa
_cM-BN
080 _a929 Rodríguez-Moñino, Antonio
100 1 _aRodríguez-Moñino Soriano, Rafael.
_998682
245 1 3 _aLa vida y la obra del bibliófilo y bibliógrafo extremeño D. Antonio Rodríguez-Moñino /
_cRafael Rodríguez-Moñino Soriano.
250 _a2ª ed. / prólogo de la segunda edición, Fernando Lázaro Carreter.
260 _aMadrid :
_bAsociación Cultural Beturia,
_c2002.
300 _a591 p., XXXV p. de lám ;
_c24 cm.
490 1 _aColección Diego Muñoz Torrero ;
_v3
504 _aBibliografía: p. [543]-547. Indice.
600 1 4 _aRodríguez-Moñino, Antonio.
_998681
700 1 _aLázaro Carreter, Fernando,
_d1923-2004
_970798
830 0 _aColección Diego Muñoz Torrero ;
_v3
_9180351
852 _aES-MaACL
_jL-26592
_bR.132299
999 _c53411
_d53411